[Event "DMP - III LIGA SZACHOWA SENIOROW PK 2020"]
[Site "Bystre"]
[Date "1899-12-30"]
[Round "9.3"]
[White "Kasperek, Rafal"]
[Black "Stefanski, Adam"]
[Result "1/2-1/2"]
[WhiteTitle "I++"]
[BlackTitle "II+"]
[WhiteElo "1982"]
[BlackElo "1387"]

1. e4 c5 2. Nf3 Nc6 3. Bb5 Qc7 4. O-O d6 5. d4 cxd4 6. Nxd4 Nf6 7. Re1 g6 8. Nc3
Bd7 9. Bg5 Bg7 10. Bxf6 exf6 11. Bf1 O-O 12. Ndb5 Qb6 13. Qxd6 Be6 14. Qc7 Qc5
15. Rab1 a6 16. Qd6 Qh5 17. Nc7 Rad8 18. Qg3 f5 19. Nxe6 fxe6 20. exf5 Qxf5 21.
Bd3 Qc5 22. Rxe6 Be5 23. Rxg6+ hxg6 24. Qxg6+ Bg7 25. Qh7+ Kf7 26. Qg6+ Kg8 27.
Qh7+ Kf7 28. Bg6+ Ke6 29. Qh3+ Ke7 30. Re1+ Ke6 31. Qh7+ Be5 32. Qh3+ Ke7 33.
Qh7+ Ke6 34. Nb1 1/2-1/2

[Event "DMP - III LIGA SZACHOWA SENIOROW PK 2020"]
[Site "Bystre"]
[Date "1899-12-30"]
[Round "9.7"]
[White "Miasik, Adrian"]
[Black "Kopczyk, Daniel"]
[Result "0-1"]
[WhiteTitle "I++"]
[BlackTitle "k"]
[WhiteElo "1881"]
[BlackElo "2137"]

1. d4 Nf6 2. c4 g6 3. Nf3 Bg7 4. Nc3 O-O 5. e4 d6 6. Be2 e5 7. O-O Nc6 8. d5 Ne7
9. Ne1 Nd7 10. Be3 f5 11. f3 f4 12. Bf2 g5 13. Nd3 Ng6 14. b4 Nf6 15. c5 h5 16.
Rc1 g4 17. cxd6 cxd6 18. Nb5 g3 19. hxg3 fxg3 20. Bxg3 Qb6+ 21. Kh1 Qxb5 22. Nxe5
Qe8 23. Nc4 h4 24. Bxd6 Nh5 25. Bxf8 Ng3+ 26. Kg1 Qxf8 27. Rf2 Qf4 28. Bf1 h3
29. gxh3 Qg5 30. Bg2 Nf4 31. Rcc2 Bxh3 32. Ne3 Bxg2 33. Rxg2 Nxg2 34. Nxg2 Qh5
35. Rd2 Rf8 36. d6 Rxf3 37. Qxf3 Qxf3 38. d7 Bf6 39. d8=Q+ Bxd8 40. Rxd8+ Kf7
41. Rd7+ Ke6 42. Rxb7 Ne2+ 0-1

[Event "DMP - III LIGA SZACHOWA SENIOROW PK 2020"]
[Site "Bystre"]
[Date "1899-12-30"]
[Round "9.20"]
[White "Dobrzanski, Krzysztof"]
[Black "Lach, Ireneusz"]
[Result "1/2-1/2"]
[WhiteTitle "II+"]
[BlackTitle "I"]
[WhiteElo "1722"]
[BlackElo "1897"]

1. d4 Nf6 2. Nf3 d6 3. c4 Nbd7 4. Nc3 e5 5. Bg5 Be7 6. e3 c6 7. Be2 Qc7 8. h3 O-O
9. O-O Re8 10. Rc1 Nf8 11. b4 Ng6 12. d5 Qd8 13. Qb3 Bd7 14. Rfd1 Qb8 15. Bxf6
gxf6 16. Rd2 Rc8 17. Rcd1 c5 18. bxc5 Rxc5 19. Ne4 Rc8 20. Rb2 b6 21. a4 Qc7 22.
Nfd2 f5 23. Ng3 Kh8 24. Qc2 f4 25. Nf5 fxe3 26. Nxe7 exf2+ 27. Kxf2 Nxe7 28. Ne4
f5 29. Nf6 Rf8 30. Nxd7 Qxd7 31. Kg1 Ng6 32. Bf1 Rg8 33. a5 Rab8 34. Rdb1 Nf4
35. Kh2 Qg7 36. Qf2 Rbf8 37. axb6 axb6 38. Rxb6 Rf6 39. R1b2 Rg6 40. c5 dxc5 41.
Rxg6 Qxg6 42. Qxc5 Qg3+ 43. Kh1 Qe1 44. Qb5 Nh5 45. Kh2 Ng3 46. Rb1 Nxf1+ 47.
Qxf1 Qxf1 48. Rxf1 Rf8 49. Re1 Re8 50. d6 e4 51. Kg3 Kg7 52. Kf4 Kf6 53. d7 Rd8
54. g4 fxg4 55. hxg4 Rxd7 56. Rxe4 1/2-1/2

[Event "DMP - III LIGA SZACHOWA SENIOROW PK 2020"]
[Site "Bystre"]
[Date "1899-12-30"]
[Round "9.25"]
[White "Lopuszanski, Kamil"]
[Black "Lorenc, Marian"]
[Result "1/2-1/2"]
[WhiteTitle "I+"]
[BlackTitle "k"]
[WhiteElo "1995"]
[BlackElo "2124"]

1. d4 d5 2. c4 c6 3. Nf3 Nf6 4. cxd5 cxd5 5. Nc3 Nc6 6. Bf4 a6 7. e3 Bf5 8. Bd3
Bxd3 9. Qxd3 e6 10. O-O Bd6 11. Bg3 Bxg3 12. hxg3 Qd6 13. a3 O-O 14. Rfc1 Rfc8
1/2-1/2